<?xml version="1.0" encoding="UTF-8"?><?xml-stylesheet type="text/xsl" href="static/style.xsl"?><OAI-PMH xmlns="http://www.openarchives.org/OAI/2.0/" xmlns:xsi="http://www.w3.org/2001/XMLSchema-instance" xsi:schemaLocation="http://www.openarchives.org/OAI/2.0/ http://www.openarchives.org/OAI/2.0/OAI-PMH.xsd"><responseDate>2026-04-28T19:09:15Z</responseDate><request verb="GetRecord" identifier="oai:uvadoc.uva.es:10324/67167" metadataPrefix="marc">https://uvadoc.uva.es/oai/request</request><GetRecord><record><header><identifier>oai:uvadoc.uva.es:10324/67167</identifier><datestamp>2025-03-26T19:10:18Z</datestamp><setSpec>com_10324_1695</setSpec><setSpec>com_10324_954</setSpec><setSpec>com_10324_894</setSpec><setSpec>col_10324_1696</setSpec></header><metadata><record xmlns="http://www.loc.gov/MARC21/slim" xmlns:doc="http://www.lyncode.com/xoai" xmlns:xsi="http://www.w3.org/2001/XMLSchema-instance" xmlns:dcterms="http://purl.org/dc/terms/" xsi:schemaLocation="http://www.loc.gov/MARC21/slim http://www.loc.gov/standards/marcxml/schema/MARC21slim.xsd">
<leader>00925njm 22002777a 4500</leader>
<datafield tag="042" ind1=" " ind2=" ">
<subfield code="a">dc</subfield>
</datafield>
<datafield tag="720" ind1=" " ind2=" ">
<subfield code="a">Pascual Molina, Jesús Félix</subfield>
<subfield code="e">author</subfield>
</datafield>
<datafield tag="260" ind1=" " ind2=" ">
<subfield code="c">2020</subfield>
</datafield>
<datafield tag="520" ind1=" " ind2=" ">
<subfield code="a">Enrique VIII consiguió en 1521 el título de defensor de la fe. De origen católico, la intitulación adquirió en su reinado carácter pro-testante, en relación con la fundación de la Iglesia de Inglaterra y quedó ligada  a  sus  sucesores.  Por  ello,  en  tiempos  de  María  Tudor,  el  título regresó a su origen católico con más fuerza si cabe. Recorremos en este texto el uso de propagandístico del apelativo Fidei Defensor en relación con las artes en un contexto de conflicto religioso, entre Enrique VIII y María Tudor. Su esposo, Felipe II, seguirá empleando el título inglés en otro ámbito, el de la lucha contra el enemigo turco.</subfield>
</datafield>
<datafield tag="024" ind2=" " ind1="8">
<subfield code="a">POTESTAS. Estudios Del Mundo Clásico E Historia Del Arte, 17(17), 57–84. https://doi.org/10.6035/Potestas.2020.17.3</subfield>
</datafield>
<datafield tag="024" ind2=" " ind1="8">
<subfield code="a">1888-9867</subfield>
</datafield>
<datafield tag="024" ind2=" " ind1="8">
<subfield code="a">https://uvadoc.uva.es/handle/10324/67167</subfield>
</datafield>
<datafield tag="024" ind2=" " ind1="8">
<subfield code="a">10.6035/Potestas.2020.17.3</subfield>
</datafield>
<datafield ind1=" " ind2=" " tag="653">
<subfield code="a">Historia del Arte</subfield>
</datafield>
<datafield tag="245" ind1="0" ind2="0">
<subfield code="a">Fidei defensores. Arte y poder en tiempos de conflicto religioso en la Inglaterra Tudor. Enrique VIII y María I y Felipe II</subfield>
</datafield>
</record></metadata></record></GetRecord></OAI-PMH>